Popularne albumy rap/trap tygodnia 11-17.12 Spotify. - Statystyki

Ogólne statystyki
  • Ten quiz został rozwiązany 32 razy
  • Średni wynik to 11 z 15
Statystyki odpowiedzi
Wykonawca Data wydania Nazwa % Poprawnych
Mata 17 stycznia 2020 100 dni do matury
93%
Quebonafide 1 kwietnia 2020 ROMANTIC PSYCHO
93%
Taco Hemingway 4 września 2020 Europa
90%
Taco Hemingway 28 sierpnia 2020 Jarmark
90%
SB Maffija 8 czerwca 2020 Hotel Maffija
87%
Guzior 4 grudnia 2020 PLEŚŃ
87%
Bedoes, Lanek 29 listopada 2019 Opowieści z Doliny Smoków
83%
Białas 5 sierpnia 2020 H8M5
77%
White 2115 28 sierpnia 2020 Rockstar: Do zachodu słońca
77%
Kizo 23 października 2020 Posejdon
67%
Kabe 20 listopada 2020 Mowgli
60%
Masno 11 listopada 2020 GANG
57%
PRO8L3M 7 marca 2020 Art Brut 2
47%
Paluch 27 listopada 2020 Nadciśnienie
47%
Gedz 19 listopada 2020 Stamina
37%
Nie znaleziono quizów pasujących do podanych kryteriów
Rozkład punktacji
Procent ludzi z każdym wynikiem
Percentyl według liczby udzielonych odpowiedzi
Twoja historia wyników
Nie rozwiązałeś tego quizu